Štúdium vlastností kompozitov s polymérnou matricou a talkom ako spevňujúcou zložkou

Enregistré dans:
Détails bibliographiques
Auteur principal: Bilčík, Alexander (Auteur)
Autres auteurs: Černičková, Ivona (Directeur de thèse)
Format: Manuscrit Livre
Langue:slovaque
Publié: 2021
Sujets:
Accès en ligne:http://is.stuba.sk/zp/portal_zp.pl?podrobnosti=158251
Tags: Ajouter un tag
Pas de tags, Soyez le premier à ajouter un tag!

MARC

LEADER 00000ntm a22000003a 4500
001 stuzp84578
003 SK-STU
005 20210612213303.7
007 ta
008 150427s2015----xo-----f-mn---000-0-slo-d
040 |a STU  |b slo 
041 0 |a slo 
100 1 |a Bilčík, Alexander  |u 061000  |k Z4  |4 aut  |U MTF Materiálovotechnologická fakulta  |T MTF Ústav materiálov  |X 85575  |U M1000  |Y 81  |7 85575 
242 0 1 |a Investigation of properties of talc-polypropylen composites  |y eng 
245 1 0 |a Štúdium vlastností kompozitov s polymérnou matricou a talkom ako spevňujúcou zložkou 
260 |c 2021 
650 4 |a plasty  |2 slo 
650 4 |a kompozitné materiály  |2 slo 
650 4 |a kompozitné materiály s polymérnou matricou  |2 slo 
650 4 |a plnivá  |2 slo 
650 4 |a mechanické vlastnosti  |2 slo 
650 4 |a polymer  |2 eng 
650 4 |a composite  |2 eng 
650 4 |a polymer composite  |2 eng 
650 4 |a composite fillers  |2 eng 
650 4 |a mechanical prope  |2 eng 
700 1 |a Černičková, Ivona  |u 061000  |k Z1  |4 ths  |U MTF Materiálovotechnologická fakulta  |T MTF Ústav materiálov  |X 66646  |U M1000  |Y 81  |7 A000066646 
856 4 |u http://is.stuba.sk/zp/portal_zp.pl?podrobnosti=158251 
996 |c M* DP-14496  |l MMSKP  |s P  |a 0  |w stuzp84578_0001